书目信息 |
| 题名: |
网络维护
|
|
| 作者: | 程勇军 主编 | |
| 分册: | ||
| 出版信息: | 广州 暨南大学出版社 2014.05 |
|
| 页数: | 90页 | |
| 开本: | 24cm | |
| 丛书名: | 国家示范校建设计算机系列规划教材 | |
| 单 册: | ||
| 中图分类: | TP393.07 | |
| 科图分类: | ||
| 主题词: | 计算机网络--ji suan ji wang luo--维修--高等学校--教材 | |
| 电子资源: | ||
| ISBN: | 978-7-5668-0968-1 | |
| 000 | 01088nam 2200277 450 | |
| 001 | CAL 0120141320087 | |
| 005 | 20150806135505.76 | |
| 010 | @a978-7-5668-0968-1@dCNY20.00 | |
| 100 | @a20140627d2014 em y0chiy50 ea | |
| 101 | 0 | @achi |
| 102 | @aCN@b440000 | |
| 105 | @aak a 000yy | |
| 106 | @ar | |
| 200 | 1 | @a网络维护@Awang luo wei hu@f主编程勇军 |
| 210 | @a广州@c暨南大学出版社@d2014.05 | |
| 215 | @a90页@c图@d24cm | |
| 225 | 2 | @a国家示范校建设计算机系列规划教材@Aguo jia shi fan xiao jian she ji suan ji xi lie gui hua jiao cai |
| 320 | @a有书目 (第90页) | |
| 330 | @a本书共分三个学习情境, 分别教授计算机实训室网络维护、学校行政办公室网络维护、宽带运营商某片区网络维护的具体步骤与设计。每个学习情境下均有详细的的教学安排表、学习准备、计划与实施、总结与反馈部分, 并有相关的附件供参考。 | |
| 410 | 0 | @12001 @a国家示范校建设计算机系列规划教材 |
| 586 | @a | |
| 606 | 0 | @a计算机网络@Aji suan ji wang luo@x维修@x高等学校@j教材 |
| 690 | @aTP393.07@v5 | |
| 701 | 0 | @a程勇军@Acheng yong jun@4主编 |
| 801 | 0 | @aCN@c20150820 |
| 905 | @a河南城建学院图书馆@dTP393.07@eC780@f2 | |
| 网络维护/主编程勇军.-广州:暨南大学出版社,2014.05 |
| 90页:图;24cm.-(国家示范校建设计算机系列规划教材) |
| ISBN 978-7-5668-0968-1:CNY20.00 |
| 本书共分三个学习情境, 分别教授计算机实训室网络维护、学校行政办公室网络维护、宽带运营商某片区网络维护的具体步骤与设计。每个学习情境下均有详细的的教学安排表、学习准备、计划与实施、总结与反馈部分, 并有相关的附件供参考。 |
| ● |
| 相关链接 |
|
|
|
正题名:网络维护
索取号:TP393.07/C780
 
预约/预借
| 序号 | 登录号 | 条形码 | 馆藏地/架位号 | 状态 | 备注 |
| 1 | 1162103 | 211621039 | 自科库301/301自科库 120排2列5层/ [索取号:TP393.07/C780] | 在馆 | |
| 2 | 1162104 | 211621048 | 自科库301/301自科库 120排2列5层/ [索取号:TP393.07/C780] | 在馆 |